Forget Her Lyrics Quiz - Statistics

General Stats
  • This quiz has been taken 95 times
  • The average score is 221 of 277
Answer Stats
Lyrics % Correct
a
98%
her
98%
Her
98%
I
98%
the
96%
The
96%
you
96%
don't
93%
Don't
93%
forget
93%
is
93%
to
93%
To
93%
as
91%
But
91%
fool
91%
heart
91%
met
91%
She
91%
she
91%
was
91%
Was
91%
All
89%
all
89%
from
89%
moment
89%
my
89%
My
89%
so
89%
that
89%
try
89%
yourself
89%
heartache
87%
no
87%
we
87%
and
84%
still
84%
find
82%
love
82%
somehow
82%
think
82%
when
82%
Oh,
80%
oh,
80%
oh
80%
will
80%
day
78%
frozen
78%
now
78%
of
76%
away
71%
what
71%
joke
69%
never
69%
out
69%
rose,
69%
She's
69%
sleeping
69%
there
69%
weeping
69%
back
67%
busy
67%
change
67%
died
67%
go
67%
I've
67%
noise
67%
she'll
67%
somewhere
67%
stop
67%
streets
67%
this
67%
town
67%
walk
67%
While
67%
done
64%
forgotten
64%
has
64%
in
64%
pain
64%
Remember
64%
ways
64%
bed
62%
dying
62%
men
60%
place
60%
smell
60%
sun
60%
tears
60%
pale
58%
she'd
58%
sober
58%
with
58%
words,
58%
before
56%
hair
56%
it
56%
knew
56%
know
56%
over
56%
petals
56%
Tell
56%
'Cause
53%
down
53%
Dropping
53%
falling
53%
full
53%
won't
53%
need
51%
shone
51%
again
49%
ever
49%
feels
49%
wine,
47%
world
44%
right
40%
Ah,
38%
unknown
36%
Well,
36%
land
33%
you're
31%
first
27%
wanna
24%
Mmm
22%
ban
20%
oveyour
4%
No matching quizzes found
Score Distribution
Percent of People with Each Score
Percentile by Number Answered
Your Score History
You have not taken this quiz